[Event "61. BEM 2007"]
[Site "Dortmund"]
[Date "2007.03.01"]
[Round "3.3"]
[White "Tkachuk, Konstantyn"]
[Black "Woestmann, Ulrich"]
[Result "0-1"]
[WhiteElo "2090"]
[BlackElo "1927"]
[PlyCount "58"]
[EventDate "2007.??.??"]
[Source "SG Dortmund"]
[SourceDate "2004.12.16"]

1. e4 c5 2. Nf3 d6 3. d4 cxd4 4. Nxd4 Nf6 5. Nc3 a6 6. Bc4 e6 7. Bb3 Be7 8. Be3
Nc6 9. f3 O-O 10. Qd2 Qc7 11. g4 Nd7 12. O-O-O Nde5 13. Qe2 Nxd4 14. Rxd4 Nc6
15. Rd2 Na5 16. h4 Nxb3+ 17. axb3 b5 18. g5 b4 19. Na4 Rb8 20. Qf2 Bd7 21. Nb6
a5 22. Nxd7 Qxd7 23. Bd4 a4 24. bxa4 b3 25. cxb3 Rxb3 26. Bc3 Qxa4 27. Rhd1 Rc8
28. Qd4 Qa1+ 29. Kc2 Qxb2+ 0-1

[Event "61. BEM 2007"]
[Site "Dortmund"]
[Date "2007.03.01"]
[Round "3.4"]
[White "Watzlawek, Markus"]
[Black "Zeldin, Vitali"]
[Result "0-1"]
[WhiteElo "1967"]
[BlackElo "1927"]
[PlyCount "127"]
[EventDate "2007.??.??"]
[Source "SG Dortmund"]
[SourceDate "2004.12.16"]

1. d4 Nf6 2. c4 e6 3. g3 d5 4. Bg2 Be7 5. Nf3 O-O 6. O-O Nbd7 7. Qc2 Ne4 8. b3
c6 9. Bb2 f5 10. Ne1 Ndf6 11. Nd3 Bd7 12. f3 Nd6 13. Nd2 Nf7 14. e4 fxe4 15.
fxe4 Ng4 16. Rae1 Rc8 17. Nf4 Re8 18. e5 Bf8 19. Bh3 Ngh6 20. Re2 Ng5 21. Bg2
Nf5 22. c5 b6 23. b4 bxc5 24. bxc5 Rb8 25. Bc3 Qc7 26. Qd3 a5 27. h4 Nf7 28.
Bh3 N7h6 29. Kh2 Bc8 30. Rb1 Rxb1 31. Nxb1 Qa7 32. Rb2 Ba6 33. Qd2 a4 34. Rb6
Rb8 35. Ba5 Kf7 36. Qb4 Bb5 37. Rxb8 Qxb8 38. Nc3 Qe8 39. Nxa4 Qa8 40. Nb6 Qa6
41. a4 Be2 42. Qb2 Bg4 43. Bc3 Bxh3 44. Nxh3 Ng4+ 45. Kg2 Nfe3+ 46. Kf3 Qf1+
47. Nf2 Nxf2 48. Qxf2 Qxf2+ 49. Kxf2 Nd1+ 50. Ke2 Nxc3+ 51. Kd3 Na2 52. Kc2
Nb4+ 53. Kb3 Na6 54. a5 Ke8 55. Nc8 Kd7 56. Nb6+ Kc7 57. Kc3 Be7 58. Kd3 Kb7
59. Kc3 h5 60. Kb3 Nc7 61. Kc3 g5 62. hxg5 Bxg5 63. Nd7 Be3 64. Kd3 0-1

[Event "61. BEM 2007"]
[Site "Dortmund"]
[Date "2007.03.01"]
[Round "3.5"]
[White "Begna, Bozidar"]
[Black "Schütte, Tobias"]
[Result "0-1"]
[WhiteElo "1953"]
[BlackElo "1886"]
[PlyCount "80"]
[EventDate "2007.??.??"]
[Source "SG Dortmund"]
[SourceDate "2004.12.16"]

1. e4 e6 2. d4 d5 3. Nd2 c5 4. exd5 exd5 5. Bb5+ Nc6 6. Ne2 Nf6 7. O-O Bd6 8.
dxc5 Bxc5 9. Nb3 Bb6 10. Bg5 Be6 11. Nbd4 Qd7 12. c3 Ne4 13. Be3 O-O 14. Nxe6
fxe6 15. Bxb6 axb6 16. Bd3 Nc5 17. Bc2 Qf7 18. f4 Nd7 19. Nd4 Nf6 20. Nf3 Qc7
21. Ng5 Rae8 22. Qd3 g6 23. Qh3 Qd6 24. Rae1 Nd8 25. Re5 Re7 26. Rfe1 Rfe8 27.
g4 Nd7 28. Qh6 Nxe5 29. fxe5 Qc5+ 30. Kg2 Rf8 31. Qh4 Qc4 32. Ne4 dxe4 33. Qxe7
e3 34. Qh4 Qd5+ 35. Kg1 Qf3 36. Qg3 Qf2+ 37. Kh1 Qxc2 38. Qxe3 Rf2 39. Qh3 Qxb2
40. Qh4 Qd2 0-1

[Event "61. BEM 2007"]
[Site "Dortmund"]
[Date "2007.03.01"]
[Round "3.6"]
[White "Zelt, Jens"]
[Black "Kartsev, Alexandr"]
[Result "1-0"]
[WhiteElo "2063"]
[BlackElo "1835"]
[PlyCount "109"]
[EventDate "2007.??.??"]
[Source "SG Dortmund"]
[SourceDate "2004.12.16"]

1. d4 f5 2. g3 Nf6 3. Bg2 d6 4. c4 g6 5. Nc3 Bg7 6. Nf3 O-O 7. O-O Qe8 8. e3 e5
9. Qb3 h6 10. dxe5 dxe5 11. Rd1 c6 12. Ne2 Na6 13. Bd2 Nd7 14. Qc2 e4 15. Ne1
Nac5 16. Rab1 Ne5 17. Bb4 Qe7 18. b3 Be6 19. Rd2 Rfd8 20. Rbd1 Rxd2 21. Qxd2
Bf8 22. Qd4 Bf7 23. Nc3 a5 24. Ba3 Ned7 25. Na4 Be6 26. Bf1 b6 27. Qd2 Rb8 28.
Nxc5 Nxc5 29. Be2 Qc7 30. Nc2 Kf7 31. Bb2 Ke8 32. Qc3 Rd8 33. Qf6 Rxd1+ 34.
Bxd1 Qf7 35. Qe5 Nd7 36. Qc7 c5 37. Na3 Qe7 38. Nb5 Kf7 39. Be2 Kg8 40. Kg2 Bg7
41. Bxg7 Qxg7 42. Qd6 Qe5 43. Qc6 Qf6 44. Nc7 Kf7 45. Kg1 Ke7 46. h4 Bf7 47.
Qb7 Qa1+ 48. Bf1 Qxa2 49. Nd5+ Bxd5 50. cxd5 Qxb3 51. Qc6 Qb2 52. d6+ Ke6 53.
Bc4+ Ke5 54. Qd5+ Kf6 55. Qe6+ 1-0

[Event "61. BEM 2007"]
[Site "Dortmund"]
[Date "2007.03.01"]
[Round "3.7"]
[White "Büchle, Manfred"]
[Black "Tkachuk, Sergiy"]
[Result "0-1"]
[WhiteElo "1851"]
[BlackElo "2106"]
[PlyCount "82"]
[EventDate "2007.??.??"]
[Source "SG Dortmund"]
[SourceDate "2004.12.16"]

1. e4 c5 2. Nf3 d6 3. d4 cxd4 4. Nxd4 Nf6 5. Nc3 g6 6. Be2 Bg7 7. Be3 O-O 8.
O-O Nc6 9. Qd2 Ng4 10. Nxc6 bxc6 11. Bd4 e5 12. Be3 Nxe3 13. Qxe3 Be6 14. Rad1
Qe7 15. b3 Rfd8 16. Na4 d5 17. Bd3 f5 18. exf5 gxf5 19. Qc5 Bf8 20. Qxe7 Bxe7
21. Rfe1 e4 22. Ba6 Rd7 23. c3 c5 24. f3 Rad8 25. Bb5 Rc7 26. Bf1 Bf6 27. c4
Bd4+ 28. Kh1 Kg7 29. cxd5 Bxd5 30. fxe4 fxe4 31. Bc4 Bxc4 32. bxc4 Re8 33. g4
Rb7 34. Rb1 Rxb1 35. Rxb1 e3 36. Re1 Re6 37. Re2 Ra6 38. Nc3 Bxc3 39. Rxe3 Bd4
40. Re2 Ra4 41. Rc2 Ra3 0-1

[Event "61. BEM 2007"]
[Site "Dortmund"]
[Date "2007.03.01"]
[Round "3.8"]
[White "Grewe, Markus"]
[Black "Borjini, Mohamed"]
[Result "1/2-1/2"]
[WhiteElo "1766"]
[BlackElo "1965"]
[PlyCount "51"]
[EventDate "2007.??.??"]
[Source "SG Dortmund"]
[SourceDate "2004.12.16"]

1. e4 c5 2. Nf3 d6 3. c3 Nf6 4. e5 dxe5 5. Nxe5 e6 6. d4 cxd4 7. cxd4 Bb4+ 8.
Nc3 O-O 9. Bd3 Nbd7 10. O-O a6 11. Bg5 Qa5 12. Bxf6 Nxf6 13. Ne4 Nxe4 14. Bxe4
Bd6 15. Nc4 Qc7 16. Rc1 Bxh2+ 17. Kh1 Bf4 18. Rc3 f5 19. Bf3 Rf6 20. g3 Bd6 21.
Qc1 Bd7 22. Ne5 Qd8 23. Bxb7 Bxe5 24. dxe5 Rh6+ 25. Kg2 Rb8 26. Bf3 1/2-1/2

[Event "61. BEM 2007"]
[Site "Dortmund"]
[Date "2007.03.01"]
[Round "3.9"]
[White "Ziperstein, Jakob"]
[Black "Duschek, Günter"]
[Result "1-0"]
[WhiteElo "1858"]
[BlackElo "1633"]
[PlyCount "55"]
[EventDate "2007.??.??"]
[Source "SG Dortmund"]
[SourceDate "2004.12.16"]

1. e4 c6 2. Nf3 d5 3. exd5 cxd5 4. d4 Nf6 5. c4 e6 6. Nc3 Bb4 7. Bd2 Nc6 8. a3
Bxc3 9. Bxc3 Ne4 10. Rc1 Nxc3 11. Rxc3 a5 12. Bd3 Qf6 13. Bb1 Bd7 14. O-O dxc4
15. Rxc4 Ne7 16. Re1 b5 17. Rc5 O-O 18. Ne5 Be8 19. Re3 Nd5 20. Rf3 Qe7 21.
Bxh7+ Kh8 22. Rxd5 f6 23. Bg6 Kg8 24. Rh3 Bxg6 25. Rh8+ Kxh8 26. Nxg6+ Kh7 27.
Qh5+ Kg8 28. Nxe7# 1-0

[Event "61. BEM 2007"]
[Site "Dortmund"]
[Date "2007.03.01"]
[Round "3.10"]
[White "Stepke, Horst P"]
[Black "Gorzinski, Dariusz"]
[Result "0-1"]
[WhiteElo "1636"]
[BlackElo "1855"]
[PlyCount "56"]
[EventDate "2007.??.??"]
[Source "SG Dortmund"]
[SourceDate "2004.12.16"]

1. e4 g6 2. Nc3 Bg7 3. d4 d6 4. Bc4 e6 5. Nf3 a6 6. O-O Nd7 7. Re1 Ne7 8. Bg5
h6 9. Bf4 b5 10. Bf1 Bb7 11. Nb1 g5 12. Bg3 Ng6 13. c3 h5 14. h3 g4 15. hxg4
hxg4 16. Nh2 Qg5 17. Qxg4 Qh6 18. f4 Nf6 19. Qf3 Nh4 20. Qd3 Nh5 21. Nd2 Nxf4
22. Bxf4 Qxf4 23. Ndf3 Nxf3+ 24. Nxf3 Bh6 25. Rad1 O-O-O 26. d5 exd5 27. exd5
Bxd5 28. Qxd5 Qe3+ 0-1

[Event "61. BEM 2007"]
[Site "Dortmund"]
[Date "2007.03.01"]
[Round "3.11"]
[White "Gitschel, Ralf"]
[Black "Bollmann, Marcel"]
[Result "1-0"]
[WhiteElo "1831"]
[BlackElo "1280"]
[PlyCount "79"]
[EventDate "2007.??.??"]
[Source "SG Dortmund"]
[SourceDate "2004.12.16"]

1. d4 Nf6 2. c4 e5 3. dxe5 Ng4 4. e4 Nxe5 5. f4 Nec6 6. Be3 Bb4+ 7. Kf2 Qf6 8.
Nd2 d6 9. Ngf3 Be6 10. Be2 O-O 11. f5 Bd7 12. Qc2 Bc5 13. Nb3 Bxe3+ 14. Kxe3
Re8 15. g4 Ne5 16. Rag1 Nxf3 17. Kxf3 Bc6 18. Bd3 Nd7 19. Nd2 a5 20. Kg3 Qe5+
21. Kf3 Nc5 22. Re1 h5 23. Rhg1 hxg4+ 24. Rxg4 Qxf5+ 25. Kg3 Qe5+ 26. Kg2 Nxd3
27. Qxd3 f6 28. b3 Kf7 29. Nf3 Qe6 30. Rf4 Qd7 31. Kf2 Rh8 32. h4 Rh5 33. e5
Re8 34. e6+ Rxe6 35. Rxe6 Bxf3 36. Qxf3 Rxh4 37. Rxh4 Qxe6 38. Re4 Qd7 39. Qh5+
Kf8 40. Rg4 1-0

[Event "61. BEM 2007"]
[Site "Dortmund"]
[Date "2007.03.01"]
[Round "3.12"]
[White "Gennat, Egon L"]
[Black "Grube, Jörg"]
[Result "0-1"]
[WhiteElo "1518"]
[BlackElo "1829"]
[PlyCount "46"]
[EventDate "2007.??.??"]
[Source "SG Dortmund"]
[SourceDate "2004.12.16"]

1. d4 Nf6 2. c4 e6 3. Nc3 Bb4 4. a3 Bxc3+ 5. bxc3 c5 6. Bg5 Qa5 7. Qd3 cxd4 8.
Bxf6 gxf6 9. Qxd4 Ke7 10. g3 Na6 11. Nf3 b6 12. Bg2 Bb7 13. O-O Bxf3 14. Bxf3
Rac8 15. Rfb1 Rc5 16. a4 Rhc8 17. Rb5 Rxb5 18. cxb5 Nc5 19. Qb4 Qxb4 20. cxb4
Nb3 21. Ra3 Nd4 22. Kg2 Rc4 23. e3 Nc2 0-1

[Event "61. BEM 2007"]
[Site "Dortmund"]
[Date "2007.03.01"]
[Round "3.13"]
[White "Grawe, Herbert"]
[Black "Krause, Dieter"]
[Result "1/2-1/2"]
[WhiteElo "1445"]
[BlackElo "1824"]
[PlyCount "59"]
[EventDate "2007.??.??"]
[Source "SG Dortmund"]
[SourceDate "2004.12.16"]

1. Nc3 g6 2. e4 c5 3. Bc4 d6 4. Nf3 Bg7 5. d3 Nf6 6. Bg5 O-O 7. Qd2 Nc6 8. Bxf6
Bxf6 9. a3 a6 10. O-O Bd7 11. Rae1 b5 12. Ba2 Rb8 13. Nd5 e6 14. Nxf6+ Qxf6 15.
c3 b4 16. axb4 cxb4 17. d4 bxc3 18. bxc3 e5 19. dxe5 Nxe5 20. Nxe5 Qxe5 21. f4
Qc5+ 22. Kh1 Be6 23. Bd5 Rfc8 24. f5 Bxd5 25. exd5 Qxc3 26. Qg5 Re8 27. Rc1 Qe3
28. Qf6 Qe7 29. Qd4 Qe4 30. Qf6 1/2-1/2

[Event "61. BEM 2007"]
[Site "Dortmund"]
[Date "2007.03.01"]
[Round "3.14"]
[White "Zabel, Reinhard"]
[Black "Kropp, Andreas"]
[Result "0-1"]
[WhiteElo "1427"]
[BlackElo "1821"]
[PlyCount "60"]
[EventDate "2007.??.??"]
[Source "SG Dortmund"]
[SourceDate "2004.12.16"]

1. e4 c5 2. c3 d5 3. exd5 Qxd5 4. d4 Nc6 5. Nf3 e6 6. Bb5 Bd7 7. Be3 cxd4 8.
Bxc6 Bxc6 9. Bxd4 Nf6 10. O-O Rd8 11. Qe2 Bb5 12. Qe5 Bxf1 13. Kxf1 Qxe5 14.
Nxe5 Bd6 15. Nf3 b6 16. Nbd2 O-O 17. Re1 Rd7 18. Nc4 Rc8 19. Nfe5 Bxe5 20. Nxe5
Rd5 21. f4 Nd7 22. Nd3 Nc5 23. Ne5 f6 24. Nf3 Kf7 25. Re2 b5 26. g4 a5 27. Kf2
a4 28. h4 a3 29. Kg3 axb2 30. Rxb2 Ne4+ 0-1

[Event "61. BEM 2007"]
[Site "Dortmund"]
[Date "2007.03.01"]
[Round "3.15"]
[White "Hardt, Helmut"]
[Black "Schröder, Thomas"]
[Result "0-1"]
[WhiteElo "1793"]
[BlackElo "1581"]
[PlyCount "78"]
[EventDate "2007.??.??"]
[Source "SG Dortmund"]
[SourceDate "2004.12.16"]

1. e4 c6 2. d4 d5 3. exd5 cxd5 4. c4 Nc6 5. Be3 Nf6 6. Nc3 Bf5 7. c5 g6 8. Nge2
Bg7 9. Ng3 Bg4 10. f3 Bd7 11. Qd2 h5 12. Bd3 e5 13. Nb5 Kf8 14. O-O Ne8 15. Bg5
Qc8 16. Rfe1 Be6 17. Rac1 a6 18. Nd6 Nxd6 19. cxd6 Qd7 20. dxe5 Bxe5 21. Rxe5
Nxe5 22. Bf6 Nxd3 23. Bxh8 Nxc1 24. Qh6+ Ke8 25. Be5 Qc8 26. Qg5 Kd7 27. Qe7+
Kc6 28. Qh4 b6 29. Bc3 Kb7 30. Qe7+ Qd7 31. Qg5 Nxa2 32. Be5 Rc8 33. Ne2 Nb4
34. Nc3 Nd3 35. Bg3 Qc6 36. h3 Nxb2 37. Qe7+ Ka8 38. Be5 Nc4 39. Bf4 Nxd6 0-1

[Event "61. BEM 2007"]
[Site "Dortmund"]
[Date "2007.03.01"]
[Round "3.16"]
[White "Stiebel, Erhard"]
[Black "Werner, Patrick"]
[Result "1-0"]
[WhiteElo "1384"]
[BlackElo "1783"]
[PlyCount "65"]
[EventDate "2007.??.??"]
[Source "SG Dortmund"]
[SourceDate "2004.12.16"]

1. d4 Nf6 2. Nf3 g6 3. c4 Bg7 4. Nc3 O-O 5. e3 d6 6. Be2 Nbd7 7. e4 e5 8. d5
Nc5 9. Qc2 a5 10. O-O Nh5 11. Ne1 Nf4 12. Bxf4 exf4 13. Nd3 Nxd3 14. Qxd3 g5
15. Rae1 g4 16. Bd1 Be5 17. b3 f5 18. exf5 Bxf5 19. Ne4 Qe7 20. Qd2 Bxe4 21.
Rxe4 h5 22. Rfe1 Qg7 23. Qc2 f3 24. c5 Qg5 25. g3 h4 26. Qc4 Qd2 27. Rxg4+ Kf7
28. Qe4 hxg3 29. hxg3 Rae8 30. Qh7+ Kf6 31. Rg6+ Kf5 32. Qh5+ Qg5 33. Qxg5# 1-0

[Event "61. BEM 2007"]
[Site "Dortmund"]
[Date "2007.03.01"]
[Round "3.17"]
[White "Marienfeld, Udo"]
[Black "Schultz, Bernfried"]
[Result "0-1"]
[WhiteElo "1349"]
[BlackElo "1708"]
[PlyCount "80"]
[EventDate "2007.??.??"]
[Source "SG Dortmund"]
[SourceDate "2004.12.16"]

1. e4 e5 2. Nf3 Nc6 3. d4 exd4 4. Nxd4 Nf6 5. Nc3 Bb4 6. Nxc6 Bxc3+ 7. bxc3
bxc6 8. Bg5 h6 9. Bh4 g5 10. Bg3 d6 11. Bd3 O-O 12. O-O Re8 13. e5 dxe5 14.
Bxe5 Ng4 15. Bd4 Qd6 16. g3 c5 17. h3 cxd4 18. hxg4 Bb7 19. cxd4 Qd5 20. f3
Qxd4+ 21. Kg2 Qxg4 22. Ba6 Qc8 23. Bxb7 Qxb7 24. Rh1 Rad8 25. Qf1 Rd2+ 26. Kh3
Re3 27. Rb1 Qc8+ 28. g4 Qe6 29. Re1 Rde2 30. Rxe2 Rxe2 31. Rh2 Re3 32. Rf2 h5
33. Rd2 hxg4+ 34. Kh2 Qh6+ 35. Kg1 Rxf3 36. Rd8+ Kg7 37. Qa1+ Rf6 38. Qe5 Qh4
39. Rg8+ Kxg8 40. Qxf6 Qg3+ 0-1

[Event "61. BEM 2007"]
[Site "Dortmund"]
[Date "2007.03.01"]
[Round "3.18"]
[White "Ziemek, Gerhard"]
[Black "Gegner, Michael"]
[Result "1-0"]
[WhiteElo "1690"]
[BlackElo "1517"]
[PlyCount "107"]
[EventDate "2007.??.??"]
[Source "SG Dortmund"]
[SourceDate "2004.12.16"]

1. d4 Nf6 2. c4 e5 3. dxe5 Ne4 4. Nf3 d6 5. Qd4 Bf5 6. Nc3 Nc6 7. Qd5 Nxc3 8.
bxc3 g6 9. Ng5 Qe7 10. exd6 cxd6 11. e4 Bd7 12. Be2 Bg7 13. Bd2 h6 14. Nf3 Be6
15. Qb5 Bd7 16. Qd5 Be6 17. Qd3 Na5 18. Qb1 a6 19. Qb4 Nc6 20. Qb6 O-O 21. O-O
Rac8 22. Rab1 Rc7 23. Rfd1 g5 24. Nd4 Nxd4 25. cxd4 Bxc4 26. Bxc4 Rxc4 27. Be3
Rfc8 28. h3 R8c7 29. Re1 R4c6 30. Qb4 Rc4 31. Qa3 Bxd4 32. Bxd4 Rxd4 33. Qf3
Rd2 34. Re2 Rcc2 35. Rxd2 Rxd2 36. e5 d5 37. Qe3 Rxa2 38. Rb6 Ra3 39. Qd4 Qc7
40. Rf6 Qc4 41. Qd2 Kg7 42. Qd1 Qc7 43. Qxd5 Ra5 44. Rxf7+ Qxf7 45. Qxa5 Kg6
46. Qb6+ Kg7 47. e6 Qe7 48. Qd4+ Kg6 49. Qe5 b5 50. g4 Kh7 51. h4 Kg8 52. h5 b4
53. Qf5 b3 54. Qg6+ 1-0

[Event "61. BEM 2007"]
[Site "Dortmund"]
[Date "2007.03.01"]
[Round "3.19"]
[White "Strotmann, Dieter"]
[Black "Holtmann, Rainer"]
[Result "0-1"]
[WhiteElo "1320"]
[BlackElo "1679"]
[PlyCount "38"]
[EventDate "2007.??.??"]
[Source "SG Dortmund"]
[SourceDate "2004.12.16"]

1. Nf3 Nf6 2. d4 c5 3. e3 e6 4. Be2 d5 5. b3 Nc6 6. Bb2 b6 7. O-O Be7 8. Nbd2
cxd4 9. Nxd4 Nxd4 10. Bxd4 O-O 11. c4 Bb7 12. cxd5 Nxd5 13. Rc1 Ba3 14. Ra1 Rc8
15. Nc4 Bb4 16. Rc1 Qg5 17. a3 Rxc4 18. Qd3 Rxc1 19. Rxc1 Nf4 0-1

[Event "61. BEM 2007"]
[Site "Dortmund"]
[Date "2007.03.01"]
[Round "3.20"]
[White "Raskin, Vitali"]
[Black "Benke, Werner"]
[Result "1/2-1/2"]
[WhiteElo "1678"]
[BlackElo "1501"]
[PlyCount "113"]
[EventDate "2007.??.??"]
[Source "SG Dortmund"]
[SourceDate "2004.12.16"]

1. d4 d5 2. c4 c6 3. Nc3 Nf6 4. Nf3 Bf5 5. e3 h6 6. Bd3 Bxd3 7. Qxd3 e6 8. O-O
Be7 9. cxd5 exd5 10. Ne5 Nbd7 11. f4 O-O 12. a3 a5 13. e4 dxe4 14. Nxe4 Nxe4
15. Qxe4 Nf6 16. Qd3 c5 17. Be3 cxd4 18. Bxd4 Qd5 19. Rad1 Rfd8 20. Qe2 Bc5 21.
Bxc5 Qxc5+ 22. Kh1 Rac8 23. Rxd8+ Rxd8 24. Qc4 Qd5 25. h3 Ne4 26. Re1 Nc5 27.
Qxd5 Rxd5 28. Nc4 Ne6 29. g3 Kf8 30. Re5 Rd1+ 31. Kg2 b6 32. Kf2 Rh1 33. h4
Rh2+ 34. Ke3 Rc2 35. Kd3 Rg2 36. Re3 Nc5+ 37. Kd4 Nd7 38. Rb3 Ke7 39. Nxb6 Nxb6
40. Rxb6 Rxg3 41. Rb5 a4 42. Ke4 Rg2 43. Rb4 Ke6 44. Rxa4 Rxb2 45. Ra6+ Ke7 46.
Kf3 h5 47. a4 f5 48. Ra8 Rb3+ 49. Kg2 Rb4 50. a5 Rxf4 51. a6 Ra4 52. a7 Kf7 53.
Kf3 Kg6 54. Kg3 Rg4+ 55. Kf3 Ra4 56. Kg2 Ra3 57. Kf2 1/2-1/2

[Event "61. BEM 2007"]
[Site "Dortmund"]
[Date "2007.03.01"]
[Round "3.22"]
[White "Flierdl, Lothar"]
[Black "Ackerhans, Gerd"]
[Result "1-0"]
[WhiteElo "1646"]
[BlackElo "1476"]
[PlyCount "63"]
[EventDate "2007.??.??"]
[Source "SG Dortmund"]
[SourceDate "2004.12.16"]

1. Nf3 d5 2. g3 Nf6 3. Bg2 Nc6 4. d4 g6 5. O-O Bg7 6. Re1 O-O 7. Nbd2 Re8 8. c4
e6 9. a3 Ne7 10. b4 dxc4 11. Nxc4 c6 12. Bb2 Ned5 13. e4 Nb6 14. Qb3 Nxc4 15.
Qxc4 Nd7 16. Rad1 Nb6 17. Qb3 Qe7 18. a4 Rd8 19. a5 Nd7 20. Ba3 Bf8 21. d5 Nb8
22. Nd4 e5 23. Nc2 Qf6 24. Bb2 c5 25. f4 cxb4 26. Nxb4 Bc5+ 27. Kh1 Bxb4 28.
Qxb4 Na6 29. Qd2 Qe7 30. Bxe5 Nb4 31. Bc3 Nc6 32. Qb2 1-0

[Event "61. BEM 2007"]
[Site "Dortmund"]
[Date "2007.03.01"]
[Round "3.23"]
[White "Watzlawek, Volker"]
[Black "Milonas, Georgios"]
[Result "1-0"]
[WhiteElo "1636"]
[BlackElo "1398"]
[PlyCount "43"]
[EventDate "2007.??.??"]
[Source "SG Dortmund"]
[SourceDate "2004.12.16"]

1. e4 c5 2. Nf3 Nc6 3. g3 e6 4. Bg2 d6 5. O-O Be7 6. c3 Qc7 7. d4 cxd4 8. cxd4
e5 9. d5 Nd8 10. Nc3 a6 11. Be3 Nf6 12. Rc1 Qd7 13. Na4 Qb5 14. Nb6 Rb8 15.
Rxc8 Rxc8 16. Nxc8 Nxe4 17. Nxe7 Kxe7 18. Nxe5 dxe5 19. Bxe4 Kd6 20. Qc2 g6 21.
Rc1 Qa5 22. b4 1-0

[Event "61. BEM 2007"]
[Site "Dortmund"]
[Date "2007.03.01"]
[Round "3.24"]
[White "Noori, Mir Ahmad"]
[Black "Dörre, Niels"]
[Result "0-1"]
[WhiteElo "1601"]
[BlackElo "1374"]
[PlyCount "86"]
[EventDate "2007.??.??"]
[Source "SG Dortmund"]
[SourceDate "2004.12.16"]

1. d4 d5 2. Nf3 Nf6 3. a3 g6 4. b3 Bg7 5. Bb2 Bf5 6. Nbd2 O-O 7. e3 Nbd7 8. Be2
Rc8 9. O-O c5 10. c4 cxd4 11. Nxd4 e6 12. Nxf5 exf5 13. Bf3 Nb6 14. Rc1 Qe7 15.
cxd5 Rxc1 16. Qxc1 Rc8 17. Qd1 Nbxd5 18. Nc4 Rd8 19. Qa1 b5 20. Na5 Qc7 21. b4
Qb6 22. g3 Ne7 23. Bd4 Qe6 24. Rc1 Nh5 25. Bxh5 Bxd4 26. exd4 gxh5 27. Re1 Qf6
28. Qd1 Rxd4 29. Qxh5 Re4 30. Rd1 Qg6 31. Qf3 Qe6 32. Rd8+ Kg7 33. Qc3+ f6 34.
Qd3 Re1+ 35. Kg2 Rc1 36. Rd6 Qe1 37. Rd7 Kg6 38. Rxa7 Qg1+ 39. Kh3 Rf1 40. Rxe7
Rxf2 41. Rg7+ Kxg7 42. Qd7+ Kh6 43. Qd2+ Rxd2 0-1

[Event "61. BEM 2007"]
[Site "Dortmund"]
[Date "2007.03.01"]
[Round "3.25"]
[White "Rossa, Daniel"]
[Black "Dedeck, Sylvia"]
[Result "1-0"]
[WhiteElo "1543"]
[BlackElo "1034"]
[PlyCount "79"]
[EventDate "2007.??.??"]
[Source "SG Dortmund"]
[SourceDate "2004.12.16"]

1. e4 e5 2. Nf3 Nc6 3. Bb5 Bc5 4. O-O Nf6 5. c3 O-O 6. d4 exd4 7. cxd4 Bb6 8.
Nc3 a6 9. Ba4 Ne7 10. e5 Nfd5 11. Bg5 Nxc3 12. bxc3 d6 13. Re1 d5 14. h3 Ba5
15. Qd3 b5 16. Bb3 Be6 17. a4 c6 18. g4 Qd7 19. axb5 axb5 20. Bxe7 Qxe7 21. Bc2
g6 22. Nd2 Qh4 23. Nb3 Bc7 24. Kg2 Rxa1 25. Rxa1 h5 26. Qg3 Qxg3+ 27. Kxg3 hxg4
28. hxg4 f6 29. f4 Kg7 30. Ra6 fxe5 31. fxe5 Bd7 32. Nc5 Rf7 33. Nxd7 Rxd7 34.
Rxc6 Bxe5+ 35. dxe5 Re7 36. Rxg6+ Kf8 37. Rf6+ Rf7 38. Kf4 Ke7 39. Rxf7+ Kxf7
40. Kf5 1-0

[Event "61. BEM 2007"]
[Site "Dortmund"]
[Date "2007.03.01"]
[Round "3.26"]
[White "Reinacher, Detlev"]
[Black "Kiauka, Richard"]
[Result "1-0"]
[WhiteElo "1480"]
[BlackElo "1200"]
[PlyCount "75"]
[EventDate "2007.??.??"]
[Source "SG Dortmund"]
[SourceDate "2004.12.16"]

1. d4 c6 2. c4 d5 3. Nf3 dxc4 4. a4 Bf5 5. Nc3 Nf6 6. e3 e6 7. Bxc4 Bb4 8. O-O
Bxc3 9. bxc3 Nbd7 10. Nd2 Nb6 11. Bb3 Nbd5 12. Bb2 Bd3 13. Re1 Ne4 14. Nxe4
Bxe4 15. f3 Bg6 16. e4 Nc7 17. Ba3 Qd7 18. Qe2 O-O-O 19. Red1 h5 20. Qf2 Kb8
21. c4 f6 22. a5 a6 23. Rab1 Qc8 24. Qg3 Bh7 25. Rb2 g5 26. d5 exd5 27. cxd5
Bg8 28. d6 Bxb3 29. dxc7+ Qxc7 30. Bd6 Rxd6 31. Rxd6 Kc8 32. Rxb3 Qxa5 33. Rbd3
Qa1+ 34. Rd1 Qe5 35. Qf2 Kc7 36. Rd7+ Kc8 37. Qb6 Qb8 38. Rd8+ 1-0

[Event "61. BEM 2007"]
[Site "Dortmund"]
[Date "2007.03.01"]
[Round "3.27"]
[White "Schröder, Marcel"]
[Black "Wodzinski, Kristin"]
[Result "1-0"]
[WhiteElo "1440"]
[BlackElo "1057"]
[PlyCount "45"]
[EventDate "2007.??.??"]
[Source "SG Dortmund"]
[SourceDate "2004.12.16"]

1. e4 c5 2. Nf3 d6 3. d4 cxd4 4. Nxd4 Nf6 5. Nc3 e6 6. Bb5+ Nbd7 7. Be3 a6 8.
Bxd7+ Bxd7 9. f4 e5 10. fxe5 dxe5 11. Nf3 Qa5 12. O-O Ng4 13. Nd5 Be6 14. Qe1
Bxd5 (14... Qxe1 15. Raxe1 Bxd5 16. exd5 Nxe3 17. Rxe3 Bc5) 15. Qxa5 Nxe3 16.
exd5 Nxf1 17. Kxf1 e4 18. Qa4+ b5 19. Qxe4+ Kd7 20. Ne5+ Kc7 21. d6+ Kb8 22.
Qc6 Ra7 23. Nd7+ 1-0

[Event "61. BEM 2007"]
[Site "Dortmund"]
[Date "2007.03.01"]
[Round "3.28"]
[White "Clausen, Dirk"]
[Black "Jentzsch, Werner Wilfried"]
[Result "1-0"]
[WhiteElo "1370"]
[BlackElo "1423"]
[PlyCount "73"]
[EventDate "2007.??.??"]
[Source "SG Dortmund"]
[SourceDate "2004.12.16"]

1. c4 e6 2. d4 Nf6 3. g3 Be7 4. Nc3 d5 5. cxd5 Nxd5 6. Bg2 Nc6 7. e4 Nb6 8. Nf3
O-O 9. O-O f5 10. e5 a6 11. Be3 Nc4 12. Qb3 N6a5 13. Qc2 Nxe3 14. fxe3 Nc4 15.
Qe2 Nb6 16. Rad1 c6 17. Qc2 Nc4 18. Qe2 b5 19. b3 Nb6 20. Qc2 Bb7 21. Ne2 Nd5
22. Qc1 Nb4 23. Nf4 Nxa2 24. Qb2 Nb4 25. Nxe6 Qb6 26. Nxf8 Rxf8 27. h4 Nd5 28.
Qc1 a5 29. Ne1 Nc7 30. Nd3 Ne6 31. Qb2 c5 32. d5 c4 33. bxc4 Qxe3+ 34. Kh2 b4
35. dxe6 Bxg2 36. Qxg2 Rd8 37. Nf4 1-0

[Event "61. BEM 2007"]
[Site "Dortmund"]
[Date "2007.03.01"]
[Round "3.29"]
[White "Schoppe, Hans-Werner"]
[Black "Rutmann, Ulrich"]
[Result "0-1"]
[WhiteElo "1178"]
[BlackElo "1367"]
[PlyCount "62"]
[EventDate "2007.??.??"]
[Source "SG Dortmund"]
[SourceDate "2004.12.16"]

1. d4 Nf6 2. Nf3 g6 3. c4 Bg7 4. Nc3 d6 5. e4 O-O 6. Bd3 Bg4 7. h3 Bxf3 8. Qxf3
c6 9. Be3 Nbd7 10. O-O Re8 11. Qe2 e5 12. d5 a6 13. b4 cxd5 14. cxd5 Rc8 15.
Qd2 Nh5 16. g3 Nb6 17. Be2 Nf6 18. f3 Nh5 19. Kg2 Nd7 20. Rac1 Rf8 21. g4 Nf4+
22. Kg3 Bh6 23. Bd1 Bg5 24. Kh2 Bh6 25. Rc2 Qh4 26. Kh1 Qxh3+ 27. Qh2 Qxf1+ 28.
Bg1 Nh3 29. Rg2 Nxg1 30. Rxg1 Qd3 31. Qxh6 Rxc3 0-1

[Event "61. BEM 2007"]
[Site "Dortmund"]
[Date "2007.03.01"]
[Round "3.30"]
[White "Müller, Michaela"]
[Black "Schaefer, Ulrich"]
[Result "0-1"]
[WhiteElo "1005"]
[BlackElo "1347"]
[PlyCount "52"]
[EventDate "2007.??.??"]
[Source "SG Dortmund"]
[SourceDate "2004.12.16"]

1. d4 Nf6 2. Nc3 e6 3. e4 Bb4 4. Bd3 Nc6 5. Be3 O-O 6. f4 d6 7. Nge2 Ng4 8. Qd2
e5 9. d5 Ne7 10. O-O-O c6 11. a3 Nxe3 12. Qxe3 Bc5 13. Qf3 b5 14. b4 Bb6 15. f5
f6 16. g4 a5 17. Nb1 axb4 18. axb4 Bd7 19. h4 Ra1 20. g5 Qa8 21. Kd2 Qa4 22. c3
Qa2+ 23. Bc2 cxd5 24. exd5 Nxd5 25. Qg3 Be3+ 26. Kd3 Qc4# 0-1

[Event "61. BEM 2007"]
[Site "Dortmund"]
[Date "2007.03.01"]
[Round "3.31"]
[White "Bötzel, Sascha"]
[Black "Hast, Stefan"]
[Result "1-0"]
[WhiteElo "1333"]
[BlackElo "1161"]
[PlyCount "29"]
[EventDate "2007.??.??"]
[Source "SG Dortmund"]
[SourceDate "2004.12.16"]

1. e4 e5 2. Nf3 Nc6 3. Bb5 a6 4. Ba4 b5 5. Bb3 Nf6 6. O-O Bc5 7. Nxe5 Nxe5 8.
d4 Bxd4 9. Qxd4 Nc6 10. Qd3 Ne5 11. Qg3 Ng6 12. Re1 O-O 13. e5 Ne8 14. Bg5 Ne7
15. Qh4 1-0